[Event "XIV Open"]
[Site "Crema ITA"]
[Date "2012.09.02"]
[Round "5"]
[White "Manzotti, Francesco"]
[Black "Popovich, Fabio"]
[Result "0-1"]
[WhiteElo "1700"]
[BlackElo "1832"]
[PlyCount "138"]
[EventDate "2012.08.31"]

1. e4 c5 2. Nf3 Nc6 3. d4 cxd4 4. Nxd4 Nf6 5. Nc3 d6 6. g3 e5 7. Nb3 Be7 8. Bg2
O-O 9. h3 Be6 10. Be3 a5 11. O-O a4 12. Nc1 Ra5 13. Nd5 Bxd5 14. exd5 Nb8 15.
Ne2 Nbd7 16. c4 Qa8 17. Nc3 Rc8 18. b3 axb3 19. axb3 Qa6 20. Rxa5 Qxa5 21. Nb5
Ra8 22. Bd2 Qa2 23. Bb4 Ra6 24. Qd3 g6 25. Rb1 Rb6 26. Qd1 Qa8 27. Nc7 Qc8 28.
Nb5 Qa8 29. Bc3 Qc8 30. Qe1 Nc5 31. Qe3 Nfd7 32. h4 f5 33. Bh3 Nf6 34. f3 Nh5
35. Qf2 Ra6 36. Kh2 Qd8 37. Qc2 e4 38. Bd4 exf3 39. Bxc5 dxc5 40. Rf1 Qa8 41.
Rf2 Qb8 42. Rxf3 Qe5 43. Kg2 Ra1 44. Qd2 Re1 45. Kf2 Re4 46. d6 Bd8 47. Re3
Nxg3 48. Rxg3 Bxh4 49. Qd5+ Qxd5 50. cxd5 Kf8 51. Nc7 f4 52. Ne6+ Ke8 53. Nxc5
Rd4 54. d7+ Kf7 55. Be6+ Kg7 56. d8=Q fxg3+ 57. Kg2 Bxd8 58. Kxg3 Bc7+ 59. Kf3
b6 60. Ne4 h5 61. Ke3 Be5 62. Nd6 Bxd6 63. Kxd4 Kf6 64. Ke4 g5 65. Kf3 Ke5 66.
Bf7 g4+ 67. Kg2 h4 68. Bh5 Kf4 69. Bf7 h3+ 0-1

[Event "XIV Open"]
[Site "Crema ITA"]
[Date "2012.09.02"]
[Round "5"]
[White "Mansueti, Marco"]
[Black "Guidi, Maurizio"]
[Result "1-0"]
[WhiteElo "1839"]
[BlackElo "2058"]
[PlyCount "75"]
[EventDate "2012.08.31"]

1. e4 c5 2. Nf3 Nc6 3. d4 cxd4 4. Nxd4 g6 5. Nc3 Bg7 6. Be3 Nf6 7. Be2 O-O 8.
O-O d5 9. exd5 Nxd5 10. Nxd5 Qxd5 11. Bf3 Qc4 12. Nxc6 bxc6 13. c3 Be6 14. Qc2
Bd5 15. Be2 Qh4 16. f4 a5 17. c4 Be6 18. Bf3 Rab8 19. Rab1 Bf5 20. Be4 Bxe4 21.
Qxe4 Qf6 22. b3 Rfd8 23. Bc5 Rd2 24. Rf2 Rxf2 25. Kxf2 Rd8 26. Bxe7 Rd2+ 27.
Kf1 Qc3 28. Bc5 h5 29. a3 h4 30. Bf2 h3 31. g3 c5 32. Be1 Qc2 33. Qxc2 Rxc2 34.
Bf2 Bf8 35. Re1 Rb2 36. Re3 Kg7 37. Be1 f5 38. Bc3+ 1-0

[Event "XIV Open"]
[Site "Crema ITA"]
[Date "2012.09.02"]
[Round "5"]
[White "Mondal, Prince"]
[Black "Gabetto, Flaviano"]
[Result "0-1"]
[WhiteElo "1864"]
[BlackElo "2108"]
[PlyCount "117"]
[EventDate "2012.08.31"]

1. e4 e6 2. Qe2 c5 3. g3 d6 4. Bg2 b6 5. c3 Ne7 6. d3 g6 7. Nd2 Bg7 8. Ngf3 a5
9. a4 Ba6 10. h4 h6 11. Nf1 Nbc6 12. Ne3 Rc8 13. O-O d5 14. exd5 Nxd5 15. Rd1
Nce7 16. Ng4 Nf5 17. Nge5 O-O 18. Qe1 Qc7 19. Nc4 Rfd8 20. Nfe5 Bb7 21. f3 Kh7
22. g4 Nfe3 23. Bxe3 Bxe5 24. Bf2 Bh2+ 25. Kh1 Nf4 26. Qe3 Nxg2 27. Kxg2 Bf4
28. Qe2 f5 29. Kh3 Bd5 30. Ne3 Bb7 31. Ng2 fxg4+ 32. fxg4 e5 33. Be3 g5 34. h5
Rf8 35. Rf1 Rf7 36. Rf2 Rcf8 37. Raf1 Qc6 38. Qc2 Kg7 39. b3 Bc8 40. Qe2 Be6
41. c4 Rf6 42. Ne1 Qe8 43. Kg2 Qd7 44. Kh3 Bxe3 45. Rxf6 Rxf6 46. Rxf6 Kxf6 47.
Qxe3 Bxg4+ 48. Kh2 Qc8 49. Ng2 Bxh5 50. Qh3 Qg4 51. Qe3 Qf3 52. Qd2 Qe2 53.
Qxe2 Bxe2 54. Ne3 Bxd3 55. Nd5+ Ke6 56. Nxb6 e4 57. Nd5 Bc2 58. Nc3 Ke5 59.
Nxe4 0-1

[Event "XIV Open"]
[Site "Crema ITA"]
[Date "2012.09.02"]
[Round "5"]
[White "Oteri, Aldo"]
[Black "Blengino, Cristiano"]
[Result "0-1"]
[WhiteElo "1799"]
[BlackElo "1901"]
[PlyCount "94"]
[EventDate "2012.08.31"]

1. e4 Nf6 2. e5 Nd5 3. d4 d6 4. c4 Nb6 5. f4 g6 6. Be3 Bg7 7. Nc3 Be6 8. Nf3
O-O 9. b3 c5 10. d5 Bg4 11. Rc1 N8d7 12. exd6 exd6 13. Be2 Re8 14. Qd2 Bxf3 15.
Bxf3 a6 16. O-O Rxe3 17. Ne2 Qe7 18. Kh1 Re8 19. Ng3 f5 20. Rc2 Re1 21. Be2
Rxf1+ 22. Nxf1 Nf6 23. Ng3 Ne4 24. Qa5 Nf2+ 25. Kg1 Qe3 26. Kf1 Nd3 27. Bxd3
Qxd3+ 28. Re2 Rxe2 29. Nxe2 Bd4 30. Ke1 Be3 31. g3 Kf7 32. Kf1 Nd7 33. Qd8 Qd1+
34. Kg2 Qxe2+ 35. Kh3 Bg1 36. Qxd7+ Qe7 37. Qxe7+ Kxe7 38. Kg2 Bd4 39. Kf3 Kf6
40. h3 h6 41. g4 g5 42. fxg5+ hxg5 43. Kg3 Bc3 44. gxf5 Kxf5 45. Kf3 b5 46. Ke3
bxc4 47. bxc4 Ke5 0-1

[Event "XIV Open"]
[Site "Crema ITA"]
[Date "2012.09.02"]
[Round "5"]
[White "Peschechera, Francesco"]
[Black "Ranfagni, Stefano"]
[Result "0-1"]
[WhiteElo "1837"]
[BlackElo "1980"]
[PlyCount "122"]
[EventDate "2012.08.31"]

1. e4 e6 2. d4 d5 3. exd5 exd5 4. Bd3 Nf6 5. Nf3 Bd6 6. O-O O-O 7. Bg5 Bg4 8.
Nbd2 h6 9. Bh4 c6 10. c3 Re8 11. Qc2 Nbd7 12. h3 Bxf3 13. Nxf3 Qc7 14. Bxf6
Nxf6 15. Rfe1 Nh5 16. c4 Nf4 17. c5 Be7 18. Re3 Bf6 19. Rae1 Kf8 20. Qd2 Nxd3
21. Qxd3 g6 22. Rxe8+ Rxe8 23. Rxe8+ Kxe8 24. Qe3+ Qe7 25. Qxh6 Qe4 26. Qe3 Kd7
27. Qb3 Kc7 28. Qe3 Kc8 29. b4 a6 30. Qh6 Qe7 31. Qf4 Bg7 32. Ne5 Bxe5 33. Qxe5
Qxe5 34. dxe5 Kd7 35. f4 Ke6 36. Kf2 f6 37. exf6 Kxf6 38. g4 Ke6 39. Ke3 Kf6
40. h4 Kg7 41. Kd4 Kf6 42. a3 Ke6 43. a4 Kf6 44. h5 gxh5 45. gxh5 Kf5 46. h6
Kg6 47. Ke5 Kxh6 48. f5 Kg7 49. b5 axb5 50. axb5 Kf7 51. bxc6 bxc6 52. Kd6 d4
53. Kxc6 d3 54. Kb7 d2 55. c6 d1=Q 56. c7 Qd5+ 57. Kb8 Qb5+ 58. Ka7 Qc6 59. Kb8
Qb6+ 60. Kc8 Ke7 61. f6+ Kd6 0-1

[Event "XIV Open"]
[Site "Crema ITA"]
[Date "2012.09.02"]
[Round "5"]
[White "Pinna, Ferdinando"]
[Black "Bonazzi, Edoardo"]
[Result "1/2-1/2"]
[WhiteElo "1929"]
[BlackElo "2101"]
[PlyCount "81"]
[EventDate "2012.08.31"]

1. e4 c5 2. Nf3 e6 3. d4 cxd4 4. Nxd4 a6 5. Bd3 Nc6 6. Be3 Qc7 7. Nd2 Nf6 8.
Qe2 Be7 9. c4 O-O 10. Nxc6 dxc6 11. f4 Rd8 12. e5 Nd7 13. Ne4 f5 14. exf6 Nxf6
15. O-O Nxe4 16. Bxe4 Bf6 17. Qc2 g6 18. Rad1 Bd7 19. Qf2 Rf8 20. Bb6 Qc8 21.
Qd2 Be8 22. Qb4 Rf7 23. Rd3 Rd7 24. Rfd1 Rxd3 25. Rxd3 Bg7 26. Qe7 Bf8 27. Qf6
Bg7 28. Qe7 Bf8 29. Qf6 Bg7 30. Qg5 h6 31. Qe7 Bf8 32. Qf6 e5 33. f5 Bg7 34.
Qe7 Bf8 35. Qxe5 Bd7 36. Bd4 Bxf5 37. Qh8+ Kf7 38. Qf6+ Kg8 39. Qh8+ Kf7 40.
Qf6+ Kg8 41. Qh8+ 1/2-1/2

[Event "XIV Open"]
[Site "Crema ITA"]
[Date "2012.09.02"]
[Round "5"]
[White "Pisani, Valerio"]
[Black "Carrai, Giacomo"]
[Result "1/2-1/2"]
[WhiteElo "1698"]
[BlackElo "1827"]
[PlyCount "72"]
[EventDate "2012.08.31"]

1. Nc3 d5 2. e4 e6 3. exd5 exd5 4. d4 Bb4 5. Nf3 Ne7 6. a3 Ba5 7. b4 Bb6 8. Bg5
Bf5 9. Bd3 f6 10. Be3 Qd7 11. O-O O-O 12. Ne2 c6 13. Ng3 Bg4 14. h3 Be6 15. Re1
Bf7 16. c3 a5 17. Qc2 Bg6 18. h4 Na6 19. h5 Bxd3 20. Qxd3 axb4 21. axb4 Nc7 22.
Nh4 Rxa1 23. Rxa1 Qg4 24. Ngf5 Nxf5 25. Qxf5 Qxf5 26. Nxf5 Nb5 27. Bd2 Re8 28.
Kf1 g6 29. Ng3 Bc7 30. hxg6 hxg6 31. Ne2 Kg7 32. f3 g5 33. Kf2 Rh8 34. Nc1 Kg6
35. Nb3 Bb6 36. Ke3 Rh2 1/2-1/2

[Event "XIV Open"]
[Site "Crema ITA"]
[Date "2012.09.02"]
[Round "5"]
[White "Sala, Giovanni"]
[Black "Regorda, Vittorio"]
[Result "1-0"]
[WhiteElo "2022"]
[BlackElo "1828"]
[PlyCount "91"]
[EventDate "2012.08.31"]

1. c4 Nf6 2. g3 c6 3. Nf3 d5 4. b3 a6 5. Bb2 Bf5 6. Bg2 e6 7. O-O Bd6 8. d3
Nbd7 9. Nbd2 Qc7 10. Rc1 Qa5 11. a3 O-O 12. b4 Qd8 13. Re1 Bc7 14. Qb3 Qb8 15.
Rc2 Qa7 16. h3 Bb6 17. c5 Bc7 18. Nh4 Bg6 19. Nxg6 hxg6 20. e4 Qb8 21. Nf3 dxe4
22. dxe4 Qe8 23. Nd2 Qe7 24. Nc4 e5 25. Rd2 Rad8 26. Red1 Qe6 27. Qc2 Qe7 28.
h4 Qe6 29. Nd6 Bxd6 30. Rxd6 Qe7 31. Qd3 Rb8 32. Bh3 Nxc5 33. bxc5 Ne8 34. Rd8
Rxd8 35. Qxd8 Qxc5 36. Qd3 Nf6 37. Bc1 Qa5 38. Be3 Qa4 39. f3 Nh5 40. Bf2 Nf6
41. Bf1 Re8 42. Rb1 b5 43. Bb6 c5 44. Bxc5 a5 45. Qe3 Rd8 46. Bxb5 1-0

[Event "XIV Open"]
[Site "Crema ITA"]
[Date "2012.09.02"]
[Round "5"]
[White "Scotti, Luigi"]
[Black "Colonetti, Fabio"]
[Result "1/2-1/2"]
[WhiteElo "1491"]
[BlackElo "1443"]
[PlyCount "32"]
[EventDate "2012.08.31"]

1. d4 d5 2. Nf3 Nf6 3. e3 e6 4. Bd3 Nbd7 5. Nbd2 Bd6 6. c3 O-O 7. O-O b6 8. e4
dxe4 9. Nxe4 Be7 10. Bg5 Bb7 11. Nxf6+ Bxf6 12. Bf4 Be7 13. Ne5 Nxe5 14. dxe5
Qd5 15. Bxh7+ Kxh7 16. Qxd5 Bxd5 1/2-1/2

[Event "XIV Open"]
[Site "Crema ITA"]
[Date "2012.09.02"]
[Round "5"]
[White "Sgnaolin, Davide"]
[Black "Brociner, Beniamino"]
[Result "1-0"]
[WhiteElo "2234"]
[BlackElo "1981"]
[PlyCount "133"]
[EventDate "2012.08.31"]

1. e4 c5 2. c3 d5 3. exd5 Qxd5 4. d4 Nc6 5. Nf3 e5 6. Nxe5 Nxe5 7. dxe5 Qxe5+
8. Qe2 Qxe2+ 9. Bxe2 Bd7 10. Bc4 Bd6 11. O-O Ne7 12. Rd1 Bc7 13. Be3 b6 14.
Bxf7+ Kxf7 15. Rxd7 Rad8 16. Rxd8 Rxd8 17. Nd2 Nf5 18. Nf3 h6 19. Re1 Nxe3 20.
Rxe3 Rd1+ 21. Re1 Rxe1+ 22. Nxe1 Ke6 23. Kf1 Kd5 24. Ke2 b5 25. Nc2 a6 26. Ne3+
Ke5 27. b3 h5 28. Kd3 g5 29. h3 Bd8 30. c4 b4 31. Nf1 Kf4 32. Ng3 h4 33. Ne2+
Ke5 34. Ke3 Be7 35. Nc1 Kf5 36. Nd3 Bd6 37. Kf3 a5 38. g4+ hxg3 39. fxg3 Be7
40. g4+ Ke6 41. Ke4 Bd6 42. Ne1 Be7 43. Ng2 Bf6 44. Ne3 Be7 45. Nc2 Bf6 46. Ne1
Be7 47. Nf3 Bf6 48. Ke3 Be7 49. Kf2 Bd8 50. Kg2 Be7 51. Kg3 Bd6+ 52. Kf2 Be7
53. Kg2 Bd8 54. h4 gxh4 55. Kh3 Bf6 56. g5 Be7 57. Kxh4 Kf5 58. Kh5 Kf4 59. g6
Bf6 60. Ng5 Kf5 61. Nf7 Bg7 62. Nd6+ Ke6 63. Nb7 Bf8 64. Nxa5 Kd7 65. Nb7 Ke8
66. Kg5 Kd7 67. Nxc5+ 1-0

[Event "XIV Open"]
[Site "Crema ITA"]
[Date "2012.09.02"]
[Round "5"]
[White "Sperli', Maurizio"]
[Black "Fiammetti, Gianluca"]
[Result "0-1"]
[WhiteElo "1532"]
[BlackElo "1464"]
[PlyCount "87"]
[EventDate "2012.08.31"]

1. e4 d5 2. exd5 Qxd5 3. Nc3 Qa5 4. d4 Nf6 5. Nf3 c6 6. Bd3 Bg4 7. Bd2 e6 8.
Ne4 Qc7 9. Nxf6+ gxf6 10. h3 Bh5 11. Qe2 Nd7 12. O-O-O Bg6 13. Nh4 Bxd3 14.
Qxd3 h5 15. f4 f5 16. Rde1 O-O-O 17. Nf3 Nf6 18. Qb3 Ne4 19. Be3 Bd6 20. Ne5
Rhe8 21. Rhf1 Rg8 22. Rg1 Rde8 23. Nd3 Nf6 24. Ref1 Ne4 25. Re1 Rg3 26. Re2
Reg8 27. c4 Qb6 28. Qxb6 axb6 29. Nf2 Nxf2 30. Bxf2 Bxf4+ 31. Kc2 Rxg2 32. Rge1
Bg3 33. Rf1 Bxf2 34. Rfxf2 Rxf2 35. Rxf2 Rg3 36. h4 Rg4 37. Rh2 Rxd4 38. b3 Rg4
39. a4 f4 40. Kd2 Rg3 41. Rf2 e5 42. Kc2 f6 43. b4 Ra3 44. b5 0-1

[Event "XIV Open"]
[Site "Crema ITA"]
[Date "2012.09.02"]
[Round "5"]
[White "Spornberger, Andre"]
[Black "Giretti Kanev, Jasen"]
[Result "1-0"]
[WhiteElo "2036"]
[BlackElo "2189"]
[PlyCount "79"]
[EventDate "2012.08.31"]

1. e4 e6 2. d3 c5 3. Nd2 Nc6 4. g3 Nf6 5. Bg2 Be7 6. Ngf3 d6 7. O-O O-O 8. c3
e5 9. h3 Rb8 10. Nh2 d5 11. Qe2 Be6 12. f4 c4 13. dxc4 d4 14. f5 dxc3 15. fxe6
Bc5+ 16. Kh1 Nd4 17. exf7+ Rxf7 18. Qd1 cxd2 19. Bxd2 Rd7 20. Bg5 Nxe4 21. Bxe4
Qxg5 22. Qg4 Qxg4 23. Nxg4 Re7 24. Rae1 Rbe8 25. Kg2 h5 26. Nf2 Nc6 27. Nd3 Bd4
28. b4 Rd8 29. b5 Na5 30. Bd5+ Kh7 31. Re2 Rc8 32. Rc1 g6 33. c5 Kg7 34. c6
bxc6 35. bxc6 Rec7 36. Be6 Rb8 37. Bd7 Rb6 38. Rec2 Kf6 39. Nc5 Nxc6 40. Bxc6
1-0

[Event "XIV Open"]
[Site "Crema ITA"]
[Date "2012.09.02"]
[Round "5"]
[White "Tagliaferri, Valerio"]
[Black "Castrogiovanni, Carlo"]
[Result "1/2-1/2"]
[WhiteElo "1807"]
[BlackElo "1984"]
[PlyCount "38"]
[EventDate "2012.08.31"]

1. g3 d5 2. d4 Nf6 3. Bg2 Nbd7 4. b3 e6 5. Bb2 c6 6. Nd2 b6 7. Ngf3 Ba6 8. O-O
Rc8 9. Re1 Be7 10. e4 dxe4 11. Nxe4 O-O 12. Ne5 Nxe4 13. Bxe4 Nxe5 14. dxe5
Qxd1 15. Rexd1 Rfd8 16. c4 c5 17. a4 Rxd1+ 18. Rxd1 Rd8 19. Rxd8+ Bxd8 1/2-1/2

[Event "XIV Open"]
[Site "Crema ITA"]
[Date "2012.09.02"]
[Round "5"]
[White "Tahiraj, Almir"]
[Black "Marchesotti, Giovanni"]
[Result "1-0"]
[WhiteElo "1820"]
[BlackElo "1525"]
[PlyCount "105"]
[EventDate "2012.08.31"]

1. d4 Nf6 2. Nf3 b6 3. g3 Bb7 4. Bg2 e6 5. O-O Be7 6. c4 O-O 7. Nc3 d5 8. cxd5
Nxd5 9. Qc2 Nxc3 10. Qxc3 Na6 11. a3 c5 12. Qd3 cxd4 13. Ng5 Bxg5 14. Bxb7 Nc5
15. Qf3 Nxb7 16. Qxb7 Bxc1 17. Raxc1 a5 18. Rfd1 Rb8 19. Qe4 e5 20. Qxe5 Re8
21. Qh5 Qf6 22. Qb5 Rbc8 23. Qd3 Rxc1 24. Rxc1 g6 25. Rd1 Qe6 26. Rd2 Qe5 27.
Kf1 Qe4 28. Qxe4 Rxe4 29. f3 Re3 30. Rxd4 Rb3 31. Rd2 b5 32. g4 Kg7 33. Kf2 a4
34. Kg3 b4 35. axb4 Rxb4 36. h4 f5 37. e3 Kh6 38. Rd4 Rxb2 39. Rxa4 fxg4 40.
fxg4 Rb5 41. Rd4 Rb6 42. Re4 g5 43. hxg5+ Kxg5 44. Re5+ Kh6 45. Kf4 Rg6 46. e4
Rg5 47. Re6+ Rg6 48. g5+ Kg7 49. Re7+ Kg8 50. Kf5 Ra6 51. e5 h5 52. g6 Rb6 53.
Rh7 1-0

[Event "XIV Open"]
[Site "Crema ITA"]
[Date "2012.09.02"]
[Round "5"]
[White "Tirelli, Mauro"]
[Black "Rambaldi, Francesco"]
[Result "0-1"]
[WhiteElo "1990"]
[BlackElo "2272"]
[PlyCount "48"]
[EventDate "2012.08.31"]

1. d4 Nf6 2. Bg5 c5 3. Bxf6 gxf6 4. d5 Qb6 5. Qc1 f5 6. g3 Bg7 7. c3 d6 8. Na3
Nd7 9. Nc4 Qa6 10. Ne3 Ne5 11. Bh3 e6 12. f4 Ng6 13. Nf3 h5 14. Kf2 Bd7 15. Qd2
Rd8 16. Rad1 Bc8 17. Rhe1 h4 18. Bg2 e5 19. Ng5 hxg3+ 20. hxg3 exf4 21. gxf4
Nxf4 22. Nxf5 Be5 23. Rh1 Rg8 24. Nh3 Rxg2+ 0-1

[Event "XIV Open"]
[Site "Crema ITA"]
[Date "2012.09.02"]
[Round "5"]
[White "Torricelli, Lorenzo"]
[Black "Swannie, Bryan"]
[Result "0-1"]
[WhiteElo "1682"]
[BlackElo "1702"]
[PlyCount "62"]
[EventDate "2012.08.31"]

1. e4 d6 2. d4 Nf6 3. Nc3 e5 4. Bg5 Be7 5. Qd2 O-O 6. O-O-O c6 7. dxe5 dxe5 8.
Bd3 Qc7 9. f4 Nbd7 10. Nf3 exf4 11. Bxf4 Qb6 12. g4 Rd8 13. Qg2 Nc5 14. Ne5
Nxd3+ 15. Nxd3 Bf8 16. g5 Nh5 17. Bd2 Be6 18. Qf3 g6 19. Be3 Bg4 20. Qf2 Qc7
21. Rdf1 Be6 22. Nf4 Nxf4 23. Bxf4 Qe7 24. h4 Bg7 25. e5 Bd5 26. Nxd5 Rxd5 27.
h5 Bxe5 28. Bd2 Rad8 29. Be3 Bxb2+ 30. Kxb2 Qb4+ 31. Ka1 Qc3+ 0-1

[Event "XIV Open"]
[Site "Crema ITA"]
[Date "2012.09.02"]
[Round "5"]
[White "Ventura, Franco"]
[Black "Spornberger, Maximilian"]
[Result "0-1"]
[WhiteElo "2091"]
[BlackElo "2225"]
[PlyCount "86"]
[EventDate "2012.08.31"]

1. c4 g6 2. Nc3 Bg7 3. g3 d6 4. Bg2 e5 5. d3 Nc6 6. Nf3 f5 7. Rb1 Nf6 8. Bg5 h6
9. Bxf6 Bxf6 10. Nd5 O-O 11. O-O Be6 12. e3 Bg7 13. Nd2 Qd7 14. f4 Nd8 15. Qe2
c6 16. Nc3 Nf7 17. Rbd1 Rae8 18. Qf2 b6 19. Kh1 d5 20. Nf3 d4 21. exd4 exd4 22.
Nb1 g5 23. Nbd2 g4 24. Ng1 h5 25. h4 gxh3 26. Bxh3 Nh6 27. Ngf3 Bf6 28. Rde1
Ng4 29. Bxg4 fxg4 30. Ne5 Bxe5 31. Rxe5 Bd5+ 32. Rxd5 cxd5 33. Qxd4 Rd8 34. c5
Qg7 35. Nb3 bxc5 36. Qxc5 Rfe8 37. Nd4 Qf6 38. Nc6 Rd7 39. b4 h4 40. Ne5 Rxe5
41. Qc8+ Rd8 42. Qxg4+ Kf8 43. Rc1 Re7 0-1

[Event "XIV Open"]
[Site "Crema ITA"]
[Date "2012.09.02"]
[Round "5"]
[White "Vuckovic, Dimitrije"]
[Black "Raimondi, Celso"]
[Result "0-1"]
[WhiteElo "1518"]
[BlackElo "1657"]
[PlyCount "96"]
[EventDate "2012.08.31"]

1. Nf3 Nf6 2. c4 d6 3. d4 c5 4. dxc5 Qa5+ 5. Nc3 Qxc5 6. e3 Bd7 7. b3 a6 8. Be2
g6 9. Bb2 e5 10. Qc2 Nc6 11. a3 Bf5 12. e4 Bg4 13. Nd5 Nxd5 14. exd5 Bxf3 15.
Bxf3 Nd4 16. Bxd4 Qxd4 17. O-O Rc8 18. Rad1 Qc5 19. Qc1 Bg7 20. Rde1 O-O 21.
Be2 a5 22. Qb1 Qxa3 23. Qa1 Qb4 24. Qa4 Qc5 25. Rb1 Ra8 26. b4 axb4 27. Qxb4
Qxb4 28. Rxb4 Rfb8 29. Rfb1 Ra7 30. g3 f5 31. Kg2 e4 32. Bd1 Bd4 33. Be2 Bc5
34. R4b3 b6 35. Rb5 Rba8 36. Rxb6 Bxb6 37. Rxb6 Rd8 38. Rb2 Kf7 39. h4 Kf6 40.
f4 exf3+ 41. Kxf3 Ke5 42. Kg2 Rda8 43. Kh3 Ra2 44. Rxa2 Rxa2 45. Bf1 Rc2 46.
Bd3 Rc3 47. Bf1 f4 48. Kg4 Rxg3# 0-1

[Event "XIV Open"]
[Site "Crema ITA"]
[Date "2012.09.02"]
[Round "6"]
[White "Agnelli, Francesco"]
[Black "Gonella, Daniele"]
[Result "0-1"]
[WhiteElo "2034"]
[BlackElo "2157"]
[PlyCount "134"]
[EventDate "2012.08.31"]

1. e4 e5 2. Nf3 Nc6 3. Bb5 a6 4. Ba4 Nf6 5. d3 Bc5 6. c3 b5 7. Bb3 O-O 8. h3 d5
9. Qe2 dxe4 10. dxe4 Qe7 11. Nbd2 Be6 12. Nf1 Rfd8 13. Ng3 Bxb3 14. axb3 Qd7
15. b4 Bf8 16. Bg5 Be7 17. O-O Qd3 18. Qxd3 Rxd3 19. Nf5 Kf8 20. Bxf6 Bxf6 21.
Rfd1 Rxd1+ 22. Rxd1 Rd8 23. Ra1 Ra8 24. Ne3 Be7 25. Nd5 Bd6 26. Kf1 a5 27. bxa5
Rxa5 28. Rxa5 Nxa5 29. Nd2 c6 30. Ne3 g6 31. Ke2 Ke7 32. b4 Nb7 33. Nb3 Bc7 34.
c4 bxc4 35. Nxc4 Bd6 36. Kd3 f6 37. Kc3 Kd7 38. Kc2 Nd8 39. Nca5 Ne6 40. h4 h5
41. Nb7 Nf4 42. g3 Nh3 43. f3 Ng1 44. Nd2 Ne2 45. Nf1 Ng1 46. Nd2 Bf8 47. Nc5+
Kd6 48. Kd3 Bh6 49. Nc4+ Ke7 50. Na5 Kd6 51. Nc4+ Kc7 52. f4 exf4 53. gxf4 Nf3
54. e5 fxe5 55. fxe5 Nxh4 56. e6 Nf5 57. Ne5 Ne7 58. Ke4 Bd2 59. Ned7 Kd6 60.
Nb8 Bxb4 61. Nd3 Bd2 62. Ne5 Bc1 63. Nc4+ Kc7 64. Ke5 h4 65. Kf6 Nd5+ 66. Ke5
h3 67. Nd6 h2 0-1

[Event "XIV Open"]
[Site "Crema ITA"]
[Date "2012.09.02"]
[Round "6"]
[White "Biava, Pierluigi"]
[Black "Folcini, Gaddo"]
[Result "1-0"]
[WhiteElo "1655"]
[BlackElo "1606"]
[PlyCount "79"]
[EventDate "2012.08.31"]

1. e4 e5 2. Nf3 d5 3. Nc3 d4 4. Ne2 Nc6 5. d3 Nf6 6. Bd2 Bg4 7. h3 Bxf3 8. gxf3
Be7 9. f4 Qd6 10. fxe5 Nxe5 11. Ng3 g6 12. Qe2 Qb6 13. Bg2 O-O-O 14. O-O Nh5
15. b3 Bh4 16. Nxh5 gxh5 17. Qxh5 Qf6 18. f4 Ng6 19. e5 Qg7 20. Qg4+ Kb8 21.
Qf3 c6 22. b4 Be7 23. Be1 Rhg8 24. b5 Nxf4 25. Rf2 Bh4 26. Qxf4 Bxf2+ 27. Qxf2
c5 28. Bd2 Qh8 29. Rf1 Rxg2+ 30. Kxg2 Rg8+ 31. Kh1 a6 32. bxa6 Ka7 33. axb7
Qxe5 34. Bf4 Qd5+ 35. Kh2 Qxb7 36. Bd6 Qd5 37. Bg3 Rf8 38. Qf4 Qxa2 39. Qc7+
Ka6 40. Qd6+ 1-0

[Event "XIV Open"]
[Site "Crema ITA"]
[Date "2012.09.02"]
[Round "6"]
[White "Bonazzi, Edoardo"]
[Black "Blengino, Cristiano"]
[Result "1/2-1/2"]
[WhiteElo "2101"]
[BlackElo "1901"]
[PlyCount "108"]
[EventDate "2012.08.31"]

1. c4 e5 2. g3 Nf6 3. Bg2 d5 4. cxd5 Nxd5 5. Nc3 Nb6 6. Nf3 Nc6 7. O-O Be7 8.
a3 O-O 9. b4 Be6 10. Rb1 f6 11. d3 Nd4 12. Nd2 Nd5 13. Nxd5 Bxd5 14. Bxd5+ Qxd5
15. e3 Ne6 16. Qb3 Rfd8 17. Rd1 Qxb3 18. Nxb3 b6 19. Bb2 Rd7 20. Kf1 c5 21.
bxc5 Nxc5 22. Nxc5 Bxc5 23. Ke2 Rad8 24. Rbc1 Kf7 25. Rc4 Ke6 26. f4 Rd5 27. a4
g5 28. fxg5 fxg5 29. h4 Be7 30. Rc7 e4 31. d4 gxh4 32. gxh4 Rg8 33. Rd2 Rg4 34.
Rxa7 Rxh4 35. Kd1 Rh3 36. Rg2 h6 37. Rb7 Bg5 38. Rxb6+ Kf5 39. Rb5 Rh1+ 40. Kd2
Ke6 41. Rb6+ Kd7 42. Rg4 Rh2+ 43. Kc3 Bxe3 44. Rxe4 Bg5 45. Ra6 Rf5 46. Rb6 Ra5
47. Kb3 Rh3+ 48. Kc4 Rxa4+ 49. Rb4 Rxb4+ 50. Kxb4 Be7+ 51. Kc4 Rh2 52. Bc3 h5
53. Bb4 Bxb4 54. Kxb4 Kd6 1/2-1/2

[Event "XIV Open"]
[Site "Crema ITA"]
[Date "2012.09.02"]
[Round "6"]
[White "Borboni, Paolo"]
[Black "Conta, Diego"]
[Result "1-0"]
[WhiteElo "1750"]
[BlackElo "1656"]
[PlyCount "103"]
[EventDate "2012.08.31"]

1. d4 Nf6 2. c4 g6 3. Nc3 d5 4. cxd5 Nxd5 5. e4 Nxc3 6. bxc3 Bg7 7. Bc4 c5 8.
Be3 Nc6 9. Ne2 O-O 10. h4 Na5 11. Bd3 c4 12. Bc2 e5 13. d5 f5 14. f3 b6 15. h5
f4 16. Bc1 g5 17. Ba3 Rf7 18. Ng1 h6 19. Ba4 Bd7 20. Nh3 b5 21. Bc2 g4 22. Ng1
g3 23. Bb2 Qb6 24. Qd2 Bf8 25. O-O-O Bc5 26. Kb1 Nb7 27. Ne2 a5 28. Rh4 Be3 29.
Qe1 Nc5 30. Bc1 b4 31. cxb4 Bxc1 32. Nxc1 Rb8 33. Qc3 Qxb4+ 34. Qxb4 Rxb4+ 35.
Ka1 Bc8 36. Ne2 Rfb7 37. Rb1 Nd3 38. Bxd3 cxd3 39. Nc3 Rxb1+ 40. Nxb1 Rc7 41.
Rh1 Rc2 42. Rg1 d2 43. Rd1 Ba6 44. Rxd2 Rxd2 45. Nxd2 Kf7 46. Kb2 Bb5 47. Kb3
Ke7 48. Nc4 Kf6 49. a4 Ba6 50. Kc3 Ke7 51. Nxe5 Bf1 52. Ng6+ 1-0

[Event "XIV Open"]
[Site "Crema ITA"]
[Date "2012.09.02"]
[Round "6"]
[White "Brociner, Beniamino"]
[Black "Colombo, Luca"]
[Result "1-0"]
[WhiteElo "1981"]
[BlackElo "1898"]
[PlyCount "71"]
[EventDate "2012.08.31"]

1. Nf3 c5 2. c4 Nc6 3. g3 g6 4. Bg2 Bg7 5. O-O d6 6. Nc3 Nf6 7. d3 O-O 8. a3
Be6 9. Rb1 a5 10. Qc2 Rb8 11. Be3 Re8 12. h3 h6 13. Rfd1 Nd7 14. Rbc1 Nde5 15.
Nxe5 Nxe5 16. Nb5 Nc6 17. Qd2 h5 18. d4 cxd4 19. Nxd4 Nxd4 20. Bxd4 Bxd4 21.
Qxd4 b6 22. Kh2 Qc7 23. Bd5 Bd7 24. Qf4 Rf8 25. Qh6 e6 26. Bg2 Qc5 27. Qf4 e5
28. Qf6 Be6 29. Bd5 Rbe8 30. Rc3 a4 31. g4 hxg4 32. hxg4 Bxg4 33. Qxg6+ Kh8 34.
Rh3+ Bxh3 35. Qh6+ Kg8 36. Rg1+ 1-0

[Event "XIV Open"]
[Site "Crema ITA"]
[Date "2012.09.02"]
[Round "6"]
[White "Colonetti, Fabio"]
[Black "Peschechera, Francesco"]
[Result "1/2-1/2"]
[WhiteElo "1443"]
[BlackElo "1837"]
[PlyCount "43"]
[EventDate "2012.08.31"]

1. d4 Nf6 2. c4 g6 3. Nc3 Bg7 4. e4 d6 5. Nf3 O-O 6. Be2 Nbd7 7. O-O e5 8. Be3
exd4 9. Nxd4 Re8 10. f3 Ne5 11. Bg5 Be6 12. Qb3 Rb8 13. Nd5 c6 14. Nf4 h6 15.
Nfxe6 fxe6 16. Bf4 Nfd7 17. Rad1 Nc5 18. Qe3 g5 19. Bg3 Ng6 20. b4 Na6 21. a3
Rc8 22. Nc2 1/2-1/2

[Event "XIV Open"]
[Site "Crema ITA"]
[Date "2012.09.02"]
[Round "6"]
[White "Carrai, Giacomo"]
[Black "Adami, Antonio"]
[Result "1/2-1/2"]
[WhiteElo "1827"]
[BlackElo "1708"]
[PlyCount "96"]
[EventDate "2012.08.31"]

1. d4 f5 2. g3 Nf6 3. Bg2 g6 4. Nf3 Bg7 5. O-O O-O 6. c4 d6 7. Nc3 Qe8 8. d5 a5
9. Nd4 Na6 10. Rb1 Bd7 11. b3 h6 12. e3 Nc5 13. a3 c6 14. Bb2 Ng4 15. b4 axb4
16. axb4 Na6 17. b5 Nb4 18. Qe2 c5 19. Ne6 Bxe6 20. dxe6 Rb8 21. Nd5 Nxd5 22.
Bxd5 Nf6 23. Bxf6 Bxf6 24. Qf3 Qc8 25. Rb3 Qc7 26. b6 Qc8 27. Rfb1 Kg7 28. Ra3
Be5 29. Qg2 h5 30. f4 Bf6 31. h4 Rh8 32. Ra7 Bc3 33. Qc2 Bb4 34. Qa4 Qd8 35.
Qb5 Kf6 36. Rba1 Qe8 37. Qxe8 Rhxe8 38. Kf2 Bc3 39. R1a2 Bb4 40. Kf3 Red8 41.
Ke2 Bc3 42. Rxb7 Rxb7 43. Bxb7 Rb8 44. Ra7 Bb4 45. Kf3 Ba5 46. Rxa5 Rxb7 47.
Rb5 Kxe6 48. e4 Kd7 1/2-1/2

[Event "XIV Open"]
[Site "Crema ITA"]
[Date "2012.09.02"]
[Round "6"]
[White "Castrogiovanni, Carlo"]
[Black "Corso, Gabriele"]
[Result "1/2-1/2"]
[WhiteElo "1984"]
[BlackElo "1764"]
[PlyCount "33"]
[EventDate "2012.08.31"]

1. d4 d5 2. Nc3 Nf6 3. Bg5 Nbd7 4. Nf3 e6 5. e4 dxe4 6. Nxe4 Be7 7. Nxf6+ Nxf6
8. Bd3 O-O 9. O-O h6 10. Bh4 b6 11. c3 Bb7 12. Ne5 c5 13. dxc5 Bxc5 14. Qe2 Qc7
15. Be4 Qe7 16. Kh1 Rad8 17. Rad1 1/2-1/2